Antonio Gramsci : πενήντα χρόνια από το θάνατό του

Αποθηκεύτηκε σε:
Λεπτομέρειες βιβλιογραφικής εγγραφής
Συγγραφή απο Οργανισμό/Αρχή: Φιλοσοφική Σχολή Πανεπιστημίου Ιωαννίνων
Μορφή: Βιβλίο
Γλώσσα:Greek
Δημοσίευση: Ιωάννινα : Πανεπιστήμιο Ιωαννίνων, 1988
Θέματα:
Ετικέτες: Προσθήκη ετικέτας
Δεν υπάρχουν, Καταχωρήστε ετικέτα πρώτοι!

MARC

LEADER 00000cam a2200000 i 4500
001 1/88471
008 051101s1988 gre d
035 |l 10081087 
040 |a GR-MY-UA  |b gre  |e aacr 
041 0 |a gre 
082 0 |a 195  |2 (22) 
245 1 0 |a Antonio Gramsci :  |b πενήντα χρόνια από το θάνατό του 
260 |a Ιωάννινα :   |b Πανεπιστήμιο Ιωαννίνων,   |c 1988 
300 |a 53 σ.;  |c 24 εκ. 
500 |a Παράρτημα αρ. 35 
504 |a Περιλαμβάνει βιβλιογραφικές αναφορές 
600 1 0 |a Gramsci, Antonio,   |d 1891-1937. 
610 2 0 |a Φιλοσοφική Σχολή Πανεπιστημίου Ιωαννίνων. 
650 0 0 |a Philosophy, Italian  |z 20th century. 
710 2 |a Φιλοσοφική Σχολή Πανεπιστημίου Ιωαννίνων. 
774 1 |t Δωδώνη ; μέρος τρίτο  |t  ; επιστημονική επετηρίδα του Τμήματος Φιλοσοφίας, Παιδαγωγικής και Ψυχολογίας της Φιλοσοφικής Σχολής του Πανεπιστημίου Ιωαννίνων 
852 |a INST  |b CHIOS  |e 20051101  |h 195 ANT  |p 005200024334  |q 005200024334  |t BK  |y 0 
901 |a BIBL2-2005-3 
909 |a Χ  |b 105679 
970 |a ΣΑΛΑΜΟΥΡΑ  |b ΜΑΡΙΑ  |z 2005/11/01